Diccionario terminológico inglés-español español-inglés: contiene vocablos técnicos, frases, giros y modismos usados en Administración de empresas, Administración pública, Auditoría, Banca, Bolsa de valores, Comercio en general, Contabilidad, Derecho mercantil, Economía, Estadística, Estados financieros, Matemáticas, Probabilidad, Publicidad, Seguros, Sociología
Guardat en:
| Autors principals: | , |
|---|---|
| Format: | Llibre |
| Idioma: | anglès espanyol |
| Publicat: |
Bogotá
Fondo Educativo Interamericano
1980
|
| Matèries: | |
| Etiquetes: |
Afegir etiqueta
Sense etiquetes, Sigues el primer a etiquetar aquest registre!
|
MARC
| LEADER | 00000nam a2200000 a 4500 | ||
|---|---|---|---|
| 001 | UCR8418 | ||
| 003 | CL-VaPUC | ||
| 008 | 980529e19800000CK |||||||||||||||||eng|d | ||
| 041 | 0 | 7 | |a eng |2 CL-VaPUC |
| 041 | 0 | 7 | |a spa |2 CL-VaPUC |
| 082 | 0 | 4 | |a 423.63 |b LLU |2 21 |
| 100 | |a Lluis Franquesa, Esteban |e autor |9 410104 | ||
| 700 | 0 | |a Lluis Riera, Emilio |e author |9 410105 | |
| 245 | 1 | 0 | |a Diccionario terminológico inglés-español español-inglés: contiene vocablos técnicos, frases, giros y modismos usados en Administración de empresas, Administración pública, Auditoría, Banca, Bolsa de valores, Comercio en general, Contabilidad, Derecho mercantil, Economía, Estadística, Estados financieros, Matemáticas, Probabilidad, Publicidad, Seguros, Sociología |
| 246 | 1 | 0 | |a Terminological dictionary english-spanish spanish-english |
| 300 | |a 456 p | ||
| 942 | |c BK | ||
| 945 | |d 19980529 00:00:00 |a cmena | ||
| 260 | |a Bogotá |b Fondo Educativo Interamericano |c 1980 | ||
| 650 | 0 | |a Diccionarios español-inglés |9 266775 | |
| 650 | 0 | |a Diccionarios inglés-español |9 266774 | |
| 650 | 0 | |a Derecho mercantil |9 371888 | |
| 650 | 0 | |a Economía |9 255568 | |
| 650 | 0 | |a Administración de empresas |9 260833 | |
| 650 | 0 | |a Administración |9 259325 | |
| 650 | 0 | |a Sociología |9 255410 | |
| 583 | |a last modification |c 19980529 00:00:00 |k Rodrigo Vera | ||
| 999 | |c 269823 |d 269821 | ||
| 952 | |0 0 |1 0 |4 0 |6 423_630000000000000_LLU_1980 |7 0 |8 F |9 303848 |a BIBENE |b BIBENE |d 2019-11-20 |i 1406388 |o 423.63 LLU 1980 |p 1406388 |r 2025-01-15 |w 2019-11-20 |y BK_F |k ICO | ||
| 952 | |0 0 |1 0 |4 0 |6 423_630000000000000_LLU_1980 |7 0 |8 F |9 303849 |a BIBENE |b BIBENE |d 2019-11-20 |i 1461605 |o 423.63 LLU 1980 |p 1461605 |r 2025-01-15 |w 2019-11-20 |y BK_F |k ICO | ||